| 000 -LEADER | |
|---|---|
| fixed length control field | 00448nam a22001577a 4500 |
| 005 - DATE AND TIME OF LATEST TRANSACTION | |
| control field | 20240108122509.0 |
| 008 - FIXED-LENGTH DATA ELEMENTS--GENERAL INFORMATION | |
| fixed length control field | 190427b xxu||||| |||| 00| 0 eng d |
| 020 ## - INTERNATIONAL STANDARD BOOK NUMBER | |
| ISBN | NI266 |
| 041 ## - LANGUAGE CODE | |
| Language code of text/sound track or separate title | eng |
| 100 ## - MAIN ENTRY--AUTHOR NAME | |
| Personal name | GOKHALE , S.B.,BAHETI,DR. D.G.,JADHAV,DR.R.B.,KALASKAR,DR. M.G.,AND KULKARNI,DR. YOGESH |
| 245 ## - TITLE STATEMENT | |
| Title | COMPILATION OF SELECTED HERBEL DRUG |
| 250 ## - EDITION STATEMENT | |
| Edition statement | 3rd, 2019 |
| 260 ## - PUBLICATION, DISTRIBUTION, ETC. (IMPRINT) | |
| Place of publication | PUNE |
| Name of publisher | NIRALI PRAKASHAN |
| 300 ## - PHYSICAL DESCRIPTION | |
| Number of Pages | 1.5 p, |
| 942 ## - ADDED ENTRY ELEMENTS (KOHA) | |
| Koha item type | Books |
| Lost status | Damaged status | Collection code | Home library | Current library | Shelving location | Date acquired | Source of acquisition | Cost, normal purchase price | Accession Number | Koha item type |
|---|---|---|---|---|---|---|---|---|---|---|
| PHARMACY | JRU Library | JRU Library | SHELF-19-C | 27/04/2019 | PURCHESS | 100.00 | 22681 | Books | ||
| PHARMACY | JRU Library | JRU Library | SHELF-19-C | 27/04/2019 | PURCHESS | 100.00 | 22682 | Books | ||
| Reference | JRU Library | JRU Library | SHELF-3-B | 27/04/2019 | PURCHESS | 100.00 | 22683 | Books |